| 000 | 00751nam a2200229 a 4500 | ||
|---|---|---|---|
| 001 | 64846 | ||
| 003 | BD-RjUL | ||
| 005 | 20211209081345.0 | ||
| 008 | 170223s1965 bg ||||| |||| 00| f ben d | ||
| 020 | _cTk.3.00 | ||
| 035 | _a(BD-RjUL)64976 | ||
| 040 |
_aBD-RjUL _bben _cBD-RjUL |
||
| 041 | _aben | ||
| 082 |
_223 _a891.443 _bRAH 1965 |
||
| 100 | 1 |
_aরায়হান, জহির _9126468 |
|
| 245 | 1 | 0 |
_aহাজার বছর ধরে / _cজহির রায়হান |
| 260 |
_aঢাকা : _bমাওলা ব্রাদার্স, _c১৯৬৫ |
||
| 300 |
_a১১৫ পৃ. ; _c২২ সেমি. |
||
| 650 |
_aবাংলা উপন্যাস _9126469 |
||
| 650 |
_aBengali Fiction _9126470 |
||
| 942 |
_2ddc _cBK |
||
| 999 |
_c64846 _d64846 |
||